[Event "Titled Tuesday intern op 04th Jul Late"]
[Site "Chess.com INT"]
[Date "2023.07.04"]
[Round "11"]
[White "Vaglio Mattey, Emanuel"]
[Black "D'Arruda, Ricardo D"]
[Result "0-1"]
[WhiteElo "2174"]
[BlackElo "2271"]
[PlyCount "88"]
[EventDate "2023.07.04"]
[EventType "swiss (blitz)"]
[EventRounds "11"]
[EventCountry "USA"]
[SourceTitle "EXT 2024"]
[Source "ChessBase"]
[SourceDate "2023.10.10"]
[SourceVersion "1"]
[SourceVersionDate "2023.10.10"]
[SourceQuality "1"]

1. e4 c5 2. a3 e6 3. b4 cxb4 4. axb4 Bxb4 5. c3 Be7 6. d4 d6 7. f4 Nf6 8. e5 Nfd7 9. Qg4 0-0 10. Bd3 f5 11. Qh3 Nc6 12. g4 g6 13. gxf5 exf5 14. Ne2 Nb6 15. Rg1 dxe5 16. fxe5 Be6 17. Nf4 Bh4+ 18. Ke2 Bc4 19. Bxc4+ Nxc4 20. Ne6 Qe7 21. Nxf8 Rxf8 22. Ba3 Nxa3 23. Rxa3 Bg5 24. Qf3 Rd8 25. h4 Bxh4 26. Qxf5 Kh8 27. Qe4 Rf8 28. Rg2 Qf7 29. Kd3 Qf1+ 30. Qe2 Qxb1+ 31. Qc2 Qf1+ 32. Qe2 Qf5+ 33. Qe4 Nxe5+ 34. Ke3 Bg5+ 35. Rxg5 Qxg5+ 36. Ke2 Qh5+ 37. Ke1 Nc4 38. Ra2 g5 39. Rf2 Re8 40. Rf8+ Rxf8 41. Qxb7 Qh4+ 42. Ke2 Rf2+ 43. Kd1 Qg4+ 44. Kc1 Qg1# 0-1

[Event "Titled Tuesday intern op 04th Jul Early"]
[Site "Chess.com INT"]
[Date "2023.07.04"]
[Round "11"]
[White "Vivas Zamora, Fabian Ernesto"]
[Black "Vaglio Mattey, Emanuel"]
[Result "1-0"]
[WhiteElo "2346"]
[BlackElo "2174"]
[PlyCount "93"]
[EventDate "2023.07.04"]
[EventType "swiss (blitz)"]
[EventRounds "11"]
[EventCountry "USA"]
[SourceTitle "EXT 2024"]
[Source "ChessBase"]
[SourceDate "2023.10.10"]
[SourceVersion "1"]
[SourceVersionDate "2023.10.10"]
[SourceQuality "1"]

1. c4 c6 2. Nf3 b5 3. cxb5 cxb5 4. e4 Bb7 5. Bxb5 Bxe4 6. Nc3 Bc6 7. 0-0 Nf6 8. d4 e6 9. Bxc6 Nxc6 10. d5 Nb4 11. dxe6 fxe6 12. Re1 Be7 13. Bf4 Nbd5 14. Nxd5 Nxd5 15. Bd6 0-0 16. Bxe7 Nxe7 17. Qd6 Nd5 18. Rad1 Rb8 19. Ne5 Rxb2 20. Nxd7 Re8 21. Rxe6 Ne7 22. Nf6+ gxf6 23. Qxd8 Rxd8 24. Rxd8+ Kf7 25. Re1 Nf5 26. g3 Rxa2 27. Rd7+ Kg6 28. Re8 Nh6 29. h3 a5 30. Ra8 a4 31. Rda7 Nf5 32. Rxa4 Rb2 33. Rg4+ Kf7 34. Rf4 Ne7 35. Ra7 Re2 36. Rf3 Re1+ 37. Kg2 Kg6 38. Re3 Rxe3 39. fxe3 Nd5 40. Kf3 h5 41. Ra5 Nb4 42. Ke4 Nc6 43. Rc5 Ne7 44. g4 hxg4 45. hxg4 Ng8 46. Kf4 Nh6 47. e4 1-0

[Event "Titled Tuesday intern op 27th Jun Late"]
[Site "Chess.com INT"]
[Date "2023.06.27"]
[Round "5"]
[White "Vaglio Mattey, Emanuel"]
[Black "Gao, Raymond"]
[Result "1/2-1/2"]
[WhiteElo "2155"]
[BlackElo "1964"]
[PlyCount "194"]
[EventDate "2023.06.27"]
[EventType "swiss (blitz)"]
[EventRounds "11"]
[EventCountry "USA"]
[SourceTitle "EXT 2024"]
[Source "ChessBase"]
[SourceDate "2023.10.10"]
[SourceVersion "1"]
[SourceVersionDate "2023.10.10"]
[SourceQuality "1"]

1. Nf3 Nf6 2. b3 g6 3. Bb2 Bg7 4. e3 0-0 5. d4 b6 6. Be2 Bb7 7. 0-0 d6 8. c4 Nbd7 9. Nc3 e5 10. dxe5 dxe5 11. Qc2 Qe7 12. Rad1 Rfd8 13. Nd5 Nxd5 14. cxd5 Rac8 15. e4 a5 16. Bb5 Nc5 17. Ba3 c6 18. Bxc5 bxc5 19. Bc4 cxd5 20. exd5 Rd6 21. Rfe1 Rcd8 22. Qc3 Bxd5 23. Bxd5 Rxd5 24. Rxd5 Rxd5 25. Qxa5 e4 26. Qa8+ Rd8 27. Qxe4 Qxe4 28. Rxe4 Rd1+ 29. Re1 Rd6 30. Kf1 Ra6 31. Re2 Bc3 32. Rc2 Bb4 33. a4 Re6 34. g3 Kg7 35. Nd2 h5 36. h4 Rd6 37. Ne4 Rd1+ 38. Kg2 Rb1 39. Nxc5 Bxc5 40. Rxc5 Rxb3 41. Rc7 Ra3 42. Ra7 Kf6 43. a5 Kg7 44. Ra8 Kf6 45. a6 Kg7 46. Kf1 Ra2 47. a7 Kf6 48. Ke1 Kf5 49. Kd1 Kg4 50. Ke1 Kf3 51. Re8 Ra1+ 52. Kd2 Rxa7 53. Re3+ Kg4 54. Rb3 Re7 55. Rb4+ Kf5 56. Rf4+ Ke6 57. Kd3 Rd7+ 58. Ke3 Rd5 59. Ke2 Re5+ 60. Kf1 Rf5 61. Ra4 Re5 62. Kg2 Kf6 63. Ra6+ Re6 64. Ra8 Kg7 65. f3 Rf6 66. g4 Rc6 67. g5 Rc4 68. Kg3 Rb4 69. Ra7 Rc4 70. Re7 Rb4 71. Rd7 Rc4 72. Rb7 Ra4 73. Rb5 Rc4 74. Rb3 Ra4 75. Re3 Rc4 76. Re4 Rc3 77. Kf4 Rc5 78. Ra4 Rb5 79. Ra7 Rf5+ 80. Kg3 Rb5 81. Ra4 Rf5 82. Ra2 Rb5 83. Rf2 Rb4 84. f4 Rb3+ 85. Rf3 Rb5 86. Re3 Rf5 87. Kf3 Ra5 88. Ra3 Rxa3+ 89. Ke4 Ra5 90. Kd4 Rf5 91. Ke4 Kf8 92. Kd4 Rxf4+ 93. Kd5 Rxh4 94. Ke5 Rg4 95. Kf6 h4 96. Ke5 Rxg5+ 97. Kf6 Rh5 1/2-1/2

[Event "Titled Tuesday intern op 21st Feb Late"]
[Site "Chess.com INT"]
[Date "2023.02.21"]
[Round "2"]
[White "Vaglio Mattey, Emanuel"]
[Black "Adewumi, Tanitoluwa"]
[Result "1-0"]
[WhiteElo "2155"]
[BlackElo "2307"]
[PlyCount "165"]
[EventDate "2023.02.21"]
[EventType "swiss (blitz)"]
[EventRounds "11"]
[EventCountry "USA"]
[SourceTitle "CBM 212 Extra"]
[Source "ChessBase"]
[SourceDate "2023.03.31"]
[SourceVersion "1"]
[SourceVersionDate "2023.03.31"]
[SourceQuality "1"]

1. d4 Nf6 2. Nf3 e6 3. Bg5 h6 4. Bh4 Be7 5. Nbd2 d5 6. e3 c5 7. c3 Nc6 8. Bd3 0-0 9. 0-0 Nd7 10. Bg3 Bf6 11. Bd6 Re8 12. dxc5 Be7 13. Bxe7 Qxe7 14. b4 a5 15. a3 Qf6 16. Qb3 b6 17. Bb5 Bb7 18. Bxc6 Bxc6 19. Nd4 Rec8 20. Nxc6 Rxc6 21. e4 a4 22. Qc2 bxc5 23. exd5 exd5 24. b5 Rb6 25. c4 dxc4 26. Rab1 c3 27. Nc4 Rbb8 28. Rfd1 Nf8 29. Rd6 Ne6 30. b6 Qg5 31. Qxc3 Nf4 32. Qf3 Re8 33. g3 Ne2+ 34. Kg2 Nd4 35. Qd5 Qg4 36. h3 Qg5 37. Qxg5 hxg5 38. b7 Rab8 39. Rd5 Nb3 40. Nd6 Red8 41. Rbd1 f6 42. h4 gxh4 43. gxh4 Kf8 44. h5 c4 45. h6 gxh6 46. Nxc4 Rxd5 47. Rxd5 Rxb7 48. Rd8+ Ke7 49. Rh8 Ke6 50. Rxh6 Rc7 51. Ne3 Rc3 52. Ng4 Nd4 53. Rxf6+ Ke7 54. Ra6 Rxa3 55. Ne3 Ne6 56. Nd5+ Kf7 57. Ra7+ Kg6 58. Ra6 Kf5 59. Ne3+ Ke5 60. Nc4+ Ke4 61. Nxa3 Nf4+ 62. Kh2 Ne2 63. Rxa4+ Kf3 64. Nc2 Kxf2 65. Ra2 Nc3 66. Ra3 Ne2 67. Ra4 Kf3 68. Ra8 Kf2 69. Rf8+ Nf4 70. Rxf4+ Ke2 71. Kg3 Kd3 72. Kf3 Kxc2 73. Re4 Kd3 74. Kf4 Kd2 75. Re3 Kd1 76. Kf3 Kd2 77. Kf2 Kd1 78. Re2 Kc1 79. Ke3 Kd1 80. Kd3 Kc1 81. Kc3 Kd1 82. Re3 Kc1 83. Re1# 1-0

[Event "Titled Tuesday intern op 14th Feb Late"]
[Site "Chess.com INT"]
[Date "2023.02.14"]
[Round "2"]
[White "Msellek, Ilyass"]
[Black "Vaglio Mattey, Emanuel"]
[Result "1-0"]
[WhiteElo "2406"]
[BlackElo "2155"]
[PlyCount "229"]
[EventDate "2023.02.14"]
[EventType "swiss (blitz)"]
[EventRounds "11"]
[EventCountry "USA"]
[SourceTitle "CBM 212 Extra"]
[Source "ChessBase"]
[SourceDate "2023.03.31"]
[SourceVersion "1"]
[SourceVersionDate "2023.03.31"]
[SourceQuality "1"]

1. d4 Nf6 2. Nf3 e6 3. Bg5 d5 4. e3 Be7 5. Bd3 0-0 6. c3 h6 7. Bh4 Nbd7 8. Nbd2 c5 9. 0-0 b6 10. a4 a6 11. h3 Bb7 12. Re1 Ne4 13. Bxe7 Qxe7 14. Qb1 f5 15. c4 Nxd2 16. Nxd2 Qf6 17. Nf3 e5 18. dxe5 Nxe5 19. Nxe5 Qxe5 20. a5 b5 21. cxb5 c4 22. bxa6 Rxa6 23. Bf1 Rb8 24. b4 Bc6 25. Rd1 g6 26. Rd4 Kh7 27. Ra2 Ra7 28. Rb2 Rb5 29. g4 fxg4 30. Rxg4 Qf6 31. Bg2 Rab7 32. Rf4 Qd6 33. a6 Ra7 34. Rd2 Rxa6 35. Qb2 Qe7 36. Rdd4 Rxb4 37. Rf7+ Qxf7 38. Qxb4 Ra1+ 39. Kh2 Qc7+ 40. f4 Qd7 41. Qf8 Qg7 42. Qc8 Qb7 43. Qd8 Re1 44. f5 gxf5 45. Rh4 Qg7 46. Qc8 Qg6 47. Qc7+ Kh8 48. Qf4 Kg7 49. Qe5+ Kh7 50. Qe7+ Kh8 51. Qd8+ Kh7 52. Qc7+ Kh8 53. Qf4 Kh7 54. Qd4 Re2 55. Qa7+ Kh8 56. Qb8+ Kh7 57. Qc7+ Kg8 58. Qd8+ Kh7 59. Qe7+ Kg8 60. Qd8+ Kh7 61. Qc7+ Kh8 62. Qe5+ Kg8 63. Qg3 Qxg3+ 64. Kxg3 Rxe3+ 65. Kf4 Re2 66. Bf3 Rd2 67. Rxh6 Rd3 68. Rxc6 Rd4+ 69. Ke5 Rd2 70. Bxd5+ Kg7 71. Rxc4 Re2+ 72. Kxf5 Rf2+ 73. Kg4 Rd2 74. Be4 Kf6 75. Rc6+ Ke5 76. Bf3 Rd4+ 77. Kg3 Rd3 78. Rh6 Kf5 79. Rh5+ Kg6 80. Ra5 Rd6 81. h4 Kh6 82. Kg4 Rg6+ 83. Rg5 Rb6 84. Be4 Rb4 85. Rh5+ Kg7 86. Kf4 Ra4 87. Rh7+ Kg8 88. Rh6 Kg7 89. Rg6+ Kf7 90. Rb6 Kg7 91. Rg6+ Kf7 92. h5 Ra5 93. Rg5 Ra4 94. Rf5+ Kg7 95. Re5 Rb4 96. Kg5 Kh8 97. h6 Rb8 98. Bg6 Rd8 99. Re7 Rd5+ 100. Bf5 Rd8 101. Rh7+ Kg8 102. Rg7+ Kh8 103. Rb7 Rf8 104. Be6 Re8 105. Bf7 Rf8 106. Bg6 Rc8 107. Rh7+ Kg8 108. Bf5 Rc5 109. Rg7+ Kh8 110. Ra7 Kg8 111. Ra8+ Kf7 112. h7 Rc1 113. h8Q Rg1+ 114. Bg4 Rf1 115. Qh7# 1-0

[Event "Titled Tuesday intern op 14th Feb Late"]
[Site "Chess.com INT"]
[Date "2023.02.14"]
[Round "9"]
[White "Pasti, Aron"]
[Black "Vaglio Mattey, Emanuel"]
[Result "1-0"]
[WhiteElo "2370"]
[BlackElo "2155"]
[PlyCount "97"]
[EventDate "2023.02.14"]
[EventType "swiss (blitz)"]
[EventRounds "11"]
[EventCountry "USA"]
[SourceTitle "CBM 212 Extra"]
[Source "ChessBase"]
[SourceDate "2023.03.31"]
[SourceVersion "1"]
[SourceVersionDate "2023.03.31"]
[SourceQuality "1"]

1. e4 c6 2. d4 d5 3. Nc3 dxe4 4. Nxe4 Nf6 5. Nxf6+ exf6 6. c3 g6 7. Bd3 Bg7 8. h4 0-0 9. h5 Re8+ 10. Ne2 Nd7 11. Be3 Nf8 12. Qc2 Qd5 13. c4 Qxg2 14. 0-0-0 Qg4 15. Rdg1 Qd7 16. Nf4 g5 17. h6 Bh8 18. Nh5 Ng6 19. f4 Rxe3 20. fxg5 fxg5 21. Rxg5 Qxd4 22. Bxg6 Qxb2+ 23. Qxb2 Bxb2+ 24. Kd2 Re5 25. Bxh7+ Kf8 26. Rg8+ Ke7 27. Bd3 Ra5 28. Ng7 Rxa2 29. Ke3 Bxg7 30. hxg7 Rg2 31. Rhh8 Be6 32. Rxa8 Rxg7 33. Rxa7 Kd6 34. Rxb7 Rg3+ 35. Kd2 Kc5 36. Rh5+ Kd4 37. Rh4+ Kc5 38. Ra7 Rg2+ 39. Kc3 Rg3 40. Ra1 Bf5 41. Ra5+ Kb6 42. Rxf5 Rg1 43. c5+ Ka5 44. Rh2 Ra1 45. Rh8 Rc1+ 46. Kd4 Rg1 47. Rf2 Rg4+ 48. Kc3 Rg3 49. Ra8# 1-0

[Event "Titled Tuesday intern op 14th Feb Late"]
[Site "Chess.com INT"]
[Date "2023.02.14"]
[Round "10"]
[White "Vaglio Mattey, Emanuel"]
[Black "Torres Dominguez, David"]
[Result "1-0"]
[WhiteElo "2155"]
[BlackElo "1998"]
[PlyCount "75"]
[EventDate "2023.02.14"]
[EventType "swiss (blitz)"]
[EventRounds "11"]
[EventCountry "USA"]
[SourceTitle "CBM 212 Extra"]
[Source "ChessBase"]
[SourceDate "2023.03.31"]
[SourceVersion "1"]
[SourceVersionDate "2023.03.31"]
[SourceQuality "1"]

1. d4 e5 2. dxe5 d6 3. exd6 Bxd6 4. Nf3 Bg4 5. Nc3 Nc6 6. h3 Bh5 7. e4 Qe7 8. Bd3 0-0-0 9. Nd5 Qe8 10. 0-0 Nge7 11. c4 Nd4 12. Be2 Nxe2+ 13. Qxe2 Nxd5 14. cxd5 f5 15. Re1 Bb4 16. Bd2 Bxd2 17. Qxd2 Bxf3 18. gxf3 Qh5 19. Kg2 fxe4 20. fxe4 Rd6 21. Re3 Rg6+ 22. Rg3 Rf8 23. Qe3 Rxg3+ 24. fxg3 Qe5 25. Qe2 Re8 26. Re1 a6 27. b3 h5 28. Qf2 g6 29. Re2 Kb8 30. Qf4 Qd4 31. Rd2 Qxe4+ 32. Qxe4 Rxe4 33. Kf3 Re7 34. Kf4 Kc8 35. Kg5 Re3 36. Rg2 Rd3 37. Kxg6 Rxd5 38. Rf2 1-0

[Event "Titled Tuesday intern op 31st Jan Late"]
[Site "Chess.com INT"]
[Date "2023.01.31"]
[Round "5"]
[White "Vaglio Mattey, Emanuel"]
[Black "Aung, Thant Zin"]
[Result "1-0"]
[WhiteElo "2155"]
[BlackElo "2268"]
[PlyCount "59"]
[EventDate "2023.01.31"]
[EventType "swiss (blitz)"]
[EventRounds "11"]
[EventCountry "USA"]
[SourceTitle "CBM 212 Extra"]
[Source "ChessBase"]
[SourceDate "2023.03.31"]
[SourceVersion "1"]
[SourceVersionDate "2023.03.31"]
[SourceQuality "1"]

1. d4 Nf6 2. Nf3 e6 3. Bg5 d5 4. Nbd2 Be7 5. e3 Nbd7 6. Bd3 c5 7. c3 b6 8. Qe2 Bb7 9. 0-0 0-0 10. Ba6 Qc8 11. Bxb7 Qxb7 12. Ne5 Rfe8 13. f4 Nf8 14. f5 exf5 15. Rxf5 Ne6 16. Bxf6 Bxf6 17. Raf1 Bxe5 18. dxe5 Re7 19. e4 d4 20. Nc4 Rf8 21. Nd6 Qd7 22. Qg4 g6 23. h4 Ng7 24. cxd4 cxd4 25. Qg5 gxf5 26. Nxf5 f6 27. exf6 Rxf6 28. Qxf6 Nxf5 29. Rxf5 Rg7 30. Rd5 1-0